Разработка составов и технологии спарк-плазменного спекания керамических материалов, композитов на основе микро- и нанопорошков В4С: автореферат диссертации на соискание ученой степени кандидата технических наук; спец. 05.17.11

Opis bibliograficzny
1. autor: Хасанов А. О. Алексей Олегович
Korporacja: Национальный исследовательский Томский политехнический университет (ТПУ)
Kolejni autorzy: Двилис Э. С. Эдгар Сергеевич (научный руководитель)
Streszczenie:Защита сост. 26.01.2016 г.
Język:rosyjski
Wydane: Томск, [Б. и.], 2015
Hasła przedmiotowe:
Format: Książka
KOHA link:https://koha.lib.tpu.ru/cgi-bin/koha/opac-detail.pl?biblionumber=314236

MARC

LEADER 00000nam0a2200000 4500
001 314236
005 20231219132715.0
035 |a (RuTPU)RU\TPU\book\339647 
090 |a 314236 
100 |a 20160210d2015 k y0rusy50 ca 
101 0 |a rus 
102 |a RU 
105 |a a dm 001zy 
200 1 |a Разработка составов и технологии спарк-плазменного спекания керамических материалов, композитов на основе микро- и нанопорошков В4С  |e автореферат диссертации на соискание ученой степени кандидата технических наук  |e спец. 05.17.11  |f А. О. Хасанов  |g Национальный исследовательский Томский политехнический университет (ТПУ) ; науч. рук. Э. С. Двилис 
210 |a Томск  |c [Б. и.]  |d 2015 
215 |a 21 с.  |c ил. 
300 |a Защита сост. 26.01.2016 г. 
320 |a Библиогр.: с. 20-21 (21 назв.). 
452 1 |0 (RuTPU)RU\TPU\book\337950  |t Разработка составов и технологии спарк-плазменного спекания керамических материалов, композитов на основе микро- и нанопорошков В4С  |o автореферат диссертации на соискание ученой степени кандидата технических наук  |o спец. 05.17.11  |f А. О. Хасанов  |g Национальный исследовательский Томский политехнический университет (ТПУ), Институт физики высоких технологий (ИФВТ), Кафедра наноматериалов и нанотехнологий (НМНТ) ; науч. рук. Э. С. Двилис  |c Томск  |d 2015  |a Хасанов, Алексей Олегович 
606 1 |a Керамические порошки  |x Спарк-плазменное спекание  |2 stltpush  |3 (RuTPU)RU\TPU\subj\50870  |9 69500 
610 1 |a керамика 
610 1 |a получение 
610 1 |a конструкционные материалы 
610 1 |a карбид бора 
610 1 |a порошковые смеси 
610 1 |a нанопорошки 
610 1 |a характеристика 
610 1 |a керамические образцы 
610 1 |a композиционная металлокерамика 
610 1 |a пресс-формы 
610 1 |a моделирование 
610 1 |a конструирование 
610 1 |a апробация 
610 1 |a авторефераты диссертаций 
610 1 |a труды учёных ТПУ 
675 |a 666.3.03(04)  |v 3 
686 |a 05.17.11  |2 oksvnk 
700 1 |a Хасанов  |b А. О.  |c химик-технолог  |c инженер Томского политехнического университета  |f 1987-  |g Алексей Олегович  |3 (RuTPU)RU\TPU\pers\29432 
702 1 |a Двилис  |b Э. С.  |c химик-технолог  |c старший научный сотрудник Томского политехнического университета, профессор, доктор физико-математических наук  |f 1969-  |g Эдгар Сергеевич  |3 (RuTPU)RU\TPU\pers\26838  |4 727  |9 12457 
712 0 2 |a Национальный исследовательский Томский политехнический университет (ТПУ)  |c (2009- )  |3 (RuTPU)RU\TPU\col\15902 
801 1 |a RU  |b 63413507  |c 20160210 
801 2 |a RU  |b 63413507  |c 20160512  |g RCR 
942 |c BK